History Quiz: Odd One Out #2 - Statistics

General Stats
  • This quiz has been taken 44 times
  • The average score is 7 of 15
Answer Stats
Question Answer % Correct
Which of these explorers was not born in what is now Italy? Ferdinand Magellan
100%
Which of these did not occur in 1804? Isambard Kingdom Brunel is born
100%
Which of these historical figures was not alive during the 19th century? George Washington
75%
Which of these rulers was not Buddhist? Timur
75%
Which of these was not the name of a Holy Roman Emperor? Victor I
75%
Which of these cities was not (officially) a national capital in 1980? Abuja
50%
Which of these battles did not take place in what is now Canada? Battle of Bladensburg
50%
Which of these religions was not founded in the Middle East? Benzhuism
50%
Which of these was not first invented in China? Siphon
50%
Which of these historical figures was not Polynesian? Bennelong
25%
Which of these groups did the Egyptians under Ramesses the Great not fight? Medians
25%
Which of these rulers was not of Mongol descent? Bumin Qaghan
0%
Which of these cities did not exist in the year 1600? Medellin
0%
Which of these historical figures was not one of the Diadochi? Mytilus
0%
Which of these civilisations no longer existed when the Spanish arrived in the Americas? Toltec Empire
0%
No matching quizzes found
Score Distribution
Percent of People with Each Score
Percentile by Number Answered
Your Score History
You have not taken this quiz